| 000 | 01672nam a2200457 i 4500 | ||
|---|---|---|---|
| 001 | 14255 | ||
| 003 | KOSZ 005 | ||
| 005 | 20200624113906.0 | ||
| 008 | 080703s1961 pl a f f 000 0 pol | ||
| 015 | _aPB 1961/8316 | ||
| 035 | _a(PL-WaBN)b21594260-48omnis_nlop | ||
| 035 | _ab21594260 | ||
| 035 | _a(OCoLC)812754524 | ||
| 035 | _a(PL)b0000002159426 | ||
| 040 |
_aWA N _cWA N _dKOSZ 005/RW |
||
| 041 | 1 |
_apol _hger |
|
| 046 | _k1961 | ||
| 080 | _a631 | ||
| 100 | 1 |
_aBlohm, Georg _d(1896-1982) _eAutor |
|
| 245 | 1 | 0 |
_aEkonomika i organizacja gospodarstw rolniczych / _cGeorg Blohm ; [tłumaczenie A. Przegaliński ; przedmowa R. Manteuffel]. |
| 246 | 1 |
_iTytuł oryginału: _aAngewandte landwirtschaftliche Betriebslehre |
|
| 260 |
_aWarszawa : _bPaństwowe Wydawnictwo Rolnicze i Leśne, _c1961. |
||
| 300 |
_a437, [3] strony : _bilustracje ; _c25 cm. |
||
| 336 |
_aTekst _btxt _2rdacontent |
||
| 337 |
_aBez urządzenia pośredniczącego _bn _2rdamedia |
||
| 338 |
_aWolumin _bnc _2rdacarrier |
||
| 380 | _aKsiążki | ||
| 388 | _a1901-2000 | ||
| 504 | _aBibliografia przy rozdziałach. | ||
| 658 | _aRolnictwo i leśnictwo | ||
| 650 | 7 | _aOrganizacja | |
| 650 | 7 | _aEkonomika | |
| 655 | 7 |
_aPodręcznik _2DBN |
|
| 650 | 7 |
_aGospodarstwo rolne _2DBN |
|
| 700 | 1 |
_aManteuffel-Szoege, Ryszard _d(1903-1991). _ePrzedmowa |
|
| 700 | 1 |
_aPrzegaliński, Aleksander. _eTłumaczenie |
|
| 710 | 2 |
_aPaństwowe Wydawnictwo Rolnicze i Leśne _4pbl. |
|
| 856 |
_uhttp://koha.tu.koszalin.pl/cgi-bin/koha/opac-detail.pl?biblionumber=14255 _yKatalog online BPK |
||
| 942 |
_2UKD _cKS |
||
| 999 |
_c14255 _d14255 |
||